| 000 | 00496nam a2200145 4500 | ||
|---|---|---|---|
| 999 |
_c15866 _d15866 |
||
| 008 | 201217b ||||| |||| 00| 0 eng d | ||
| 022 | _a0732-8435 | ||
| 082 | _aDPer 657.05 C33 Sept - Mar 2015, v. 85 - 86 | ||
| 100 |
_aGeller, Sheldon M. _942692 |
||
| 245 |
_aThe intelligent plan fiduciary/ _b _cSheldon M. Geller. |
||
| 260 |
_aNew York: _bThe New York State Society of CPA, _c©2015. |
||
| 300 |
_av85 n9, pages 62-63; _b _c28 cm. |
||
| 650 |
_aPlanning _xFinancial. _942693 |
||
| 942 |
_2ddc _cPER |
||